000 00463nam a2200181Ia 4500
001 7533
005 20260306160502.0
008 260306t2005||||xx |||||||||||||| ||spa||
041 _aESP
082 _a339.2
_bV35
100 _aVásquez H, Enrique (Ed.)
_eAUT
245 0 _aBuscando el bienestar de los pobres:
_b¿cuán lejos estamos?
260 _c2005
300 _a307, 3 páginas :
_c25 cm.
650 _aGEN
654 _aCAN
942 _cLIB
_dJUS
_fJUS
_2ddc
_n
999 _c7533
_d7533